| 000 | 01214cam a22002054a 4500 | ||
|---|---|---|---|
| 005 | 20250605164327.0 | ||
| 008 | 250528s ||||||||||||||||||||||||d | ||
| 035 | _a23095 | ||
| 020 | _a873895983 | ||
| 040 |
_aGR-AtMCL _bgre _dGR-AtMCL _eAACR2 |
||
| 245 | 1 | _aFailure Mode Effect Analysis | |
| 250 | _a2nd | ||
| 260 |
_bASQC Quality Press, _c2003 |
||
| 300 | _a458 | ||
| 520 | _aThis is the most comprehensive guide on failure mode and effect analysis (FMEA) and is excellent for professionals with any level of understanding.Includes CDROM. Preface, Acknowledgements, Introduction, Legal Approach to Liability, FMEA: A General Overview, The Language of the FMEA, Teams and Team Mechanics of FMEA, System FMEA, Design FMEA, Process FMEA, Machine FMEA, FMEA and the Electromechanical Industry, FMEA and Computers: Hardware and Software, FMEA and the Semiconductor Industry, FMEA and the Medical Device Industry, FMEA and the Automotive Industry, FMEA and ISO 9000, Six Sigma and FMEA Design Review, FMEA and Robustness, An Overview of Some Typical Tools Used in FMEA, Epilogue, Glossary, Select Bibliography, Index. | ||
| 700 | 1 |
_aStamatis D.H _98649 |
|
| 942 | _cBK | ||
| 999 |
_c8125 _d8125 |
||